000 00446cam a22001337a 4500
008 180718b2001 xxu||||| |||| 00| 0 eng d
100 _aMartin, Will
245 _aTrade policy reform in the east Asian transition economies
_cby Will Martin
260 _aWashington, D.C.
_bWorld Bank
_c2001
300 _a37p.
440 _aPolicy research working paper 2535
650 _aEast Asia --Economic conditions
650 _aEast Asia --Commercial policy
999 _c285047
_d285047